Vista normal Vista MARC

Entrada Topical Term

Número de registros utilizados en: 4

001 - CONTROL NUMBER

  • control field: 1337

003 - CONTROL NUMBER IDENTIFIER

  • control field: OSt

005 - DATE AND TIME OF LATEST TRANSACTION

  • control field: 20230417194057.0

008 - FIXED-LENGTH DATA ELEMENTS

  • fixed length control field: 230417|| aca||aabn | a|a d

040 ## - CATALOGING SOURCE

  • Original cataloging agency: OSt
  • Transcribing agency: OSt

150 ## - HEADING--TOPICAL TERM

  • Topical term or geographic name entry element: Mujeres judías
  • Form subdivision: Biografías

670 ## - SOURCE DATA FOUND

  • Source citation: Work cat.: (OSt)0: Alonso González, Eduardo 1944- autor 1335, Ana Frank









Instituto Departamental de Cultura del Meta - Red Departamental de Bibliotecas Públicas del Meta.